[Event "San Francisco TNM Summer op"]
[Site "San Francisco"]
[Date "2016.06.14"]
[Round "4"]
[White "Schegerin, Marc"]
[Black "Shi, Jaysen"]
[Result "0-1"]
[WhiteElo "1376"]
[BlackElo "1867"]
[PlyCount "96"]
[EventDate "2016.05.24"]
[EventType "swiss"]
[EventRounds "8"]
[EventCountry "USA"]
[SourceTitle "EXT 2018"]
[Source "ChessBase"]
[SourceDate "2017.10.13"]
[SourceVersion "1"]
[SourceVersionDate "2017.10.13"]
[SourceQuality "1"]

1. e4 e6 2. d4 d5 3. exd5 exd5 4. Bd3 Bd6 5. Nc3 c6 6. Nge2 Bg4 7. h3 Bh5 8. g4 Bg6 9. Bxg6 hxg6 10. Bf4 Nf6 11. f3 Na6 12. Qd2 Nc7 13. 0-0-0 Qd7 14. Be5 0-0-0 15. Nf4 Rh7 16. a3 Rdh8 17. Qg2 g5 18. Nd3 Ng8 19. Qg3 Ne8 20. Rde1 f6 21. Bxd6 Nxd6 22. f4 Nf7 23. Nc5 Qd6 24. Re8+ Kc7 25. Ne6+ Kd7 26. Ra8 Qxe6 27. Rxa7 Kc8 28. f5 Qd6 29. Qe3 Kb8 30. Ra4 Ne7 31. Rb4 Qf4 32. Qxf4+ gxf4 33. Re1 Nc8 34. Na4 Rxh3 35. Nc5 Nfd6 36. Re6 Rh1+ 37. Kd2 R1h2+ 38. Kc3 R8h3+ 39. Nd3 Ne4+ 40. Kb3 f3 41. Ka4 Rxc2 42. Ka5 f2 43. Nxf2 Rxf2 44. Rxc6 Ned6 45. b3 Rff3 46. Rc5 Rxb3 47. Rxd5 b6+ 48. Ka4 Rxa3# 0-1

[Event "San Francisco TNM Summer op"]
[Site "San Francisco"]
[Date "2016.05.31"]
[Round "2"]
[White "Nelson, Carl"]
[Black "Shi, Jaysen"]
[Result "0-1"]
[WhiteElo "1188"]
[BlackElo "1867"]
[PlyCount "74"]
[EventDate "2016.05.24"]
[EventType "swiss"]
[EventRounds "8"]
[EventCountry "USA"]
[SourceTitle "EXT 2018"]
[Source "ChessBase"]
[SourceDate "2017.10.13"]
[SourceVersion "1"]
[SourceVersionDate "2017.10.13"]
[SourceQuality "1"]

1. Nf3 d5 2. c4 Nf6 3. e3 e6 4. Nc3 dxc4 5. Bxc4 Bd6 6. d4 0-0 7. 0-0 b6 8. e4 Bb4 9. e5 Bxc3 10. bxc3 Nd5 11. Qd3 h6 12. g4 Bb7 13. g5 h5 14. Nh4 Qe8 15. f4 g6 16. Bxd5 Bxd5 17. c4 Bb7 18. Ba3 Qc6 19. d5 exd5 20. cxd5 Qd7 21. Bxf8 Kxf8 22. Rad1 Ba6 23. Qa3+ Kg7 24. Rf2 Qg4+ 25. Qg3 Qxd1+ 26. Kg2 Qxd5+ 27. Kh3 Bc8+ 28. f5 Bxf5+ 29. Nxf5+ gxf5 30. Rxf5 Qe6 31. Qf2 Kg6 32. Qh4 Qxf5+ 33. Kg3 Qxg5+ 34. Qxg5+ Kxg5 35. e6 fxe6 36. Kf3 Nc6 37. Ke4 Rd8 0-1

[Event "San Francisco TNM Summer op"]
[Site "San Francisco"]
[Date "2015.07.14"]
[Round "8"]
[White "Manvelyan, Hovik"]
[Black "Shi, Jaysen"]
[Result "1-0"]
[WhiteElo "2015"]
[BlackElo "1833"]
[PlyCount "63"]
[EventDate "2015.05.26"]
[EventType "swiss"]
[EventRounds "8"]
[EventCountry "USA"]
[SourceTitle "EXT 2016"]
[Source "ChessBase"]
[SourceDate "2015.10.08"]
[SourceVersion "1"]
[SourceVersionDate "2015.10.08"]
[SourceQuality "1"]

1. d4 d5 2. c4 e6 3. Nc3 Nf6 4. cxd5 exd5 5. Bg5 Be7 6. e3 Bf5 7. Qb3 c6 8. Bxf6 Bxf6 9. Qxb7 0-0 10. Nh3 Re8 11. Be2 Qd7 12. Qxa8 Na6 13. Qxe8+ Qxe8 14. Bxa6 Bxd4 15. Be2 Be5 16. Rd1 Qb8 17. Rd2 h6 18. g4 Bh7 19. f4 Bxc3 20. bxc3 Be4 21. Rg1 Qb6 22. Kf2 Qa5 23. Rc1 Qa3 24. Rdd1 Qxa2 25. c4 Qb2 26. cxd5 cxd5 27. Rc8+ Kh7 28. Rd4 a5 29. Ra8 a4 30. Ng1 Bc2 31. Rd2 d4 32. Bd3+ 1-0

[Event "San Francisco TNM Summer op"]
[Site "San Francisco"]
[Date "2015.07.07"]
[Round "7"]
[White "Shi, Jaysen"]
[Black "Zhao, Art"]
[Result "1/2-1/2"]
[WhiteElo "1833"]
[BlackElo "2208"]
[PlyCount "80"]
[EventDate "2015.05.26"]
[EventType "swiss"]
[EventRounds "8"]
[EventCountry "USA"]
[SourceTitle "EXT 2016"]
[Source "ChessBase"]
[SourceDate "2015.10.08"]
[SourceVersion "1"]
[SourceVersionDate "2015.10.08"]
[SourceQuality "1"]

1. e4 c5 2. Nf3 d6 3. d4 cxd4 4. Nxd4 Nf6 5. Nc3 Nc6 6. Be2 e6 7. Be3 a6 8. 0-0 Be7 9. Qd2 0-0 10. a4 Qc7 11. Nb3 b6 12. f3 Rd8 13. Nd4 d5 14. Bf4 e5 15. Nxc6 Qxc6 16. exd5 exf4 17. dxc6 Rxd2 18. Bd3 Be6 19. Kh1 Bc5 20. Nb1 Rf2 21. Rd1 Nd5 22. Nc3 Nxc3 23. bxc3 Bd5 24. c7 Be6 25. Be4 Rc8 26. Rd8+ Bf8 27. Rxc8 Bxc8 28. Rd1 g5 29. Kg1 Bc5 30. Rd8+ Kg7 31. h4 Rxf3+ 32. Kh2 Rxc3 33. Rxc8 Bd6 34. hxg5 f3+ 35. Kg1 fxg2 36. Kxg2 Bxc7 37. Bd3 b5 38. axb5 axb5 39. Bxb5 Rc5 40. Bd3 Rxg5+ 1/2-1/2

[Event "San Francisco TNM Spring op"]
[Site "San Francisco"]
[Date "2013.04.16"]
[Round "5"]
[White "Uzzaman, Ashik"]
[Black "Shi, Jaysen"]
[Result "1-0"]
[WhiteElo "1987"]
[BlackElo "1736"]
[PlyCount "57"]
[EventDate "2013.03.19"]
[EventType "swiss"]
[EventRounds "8"]
[EventCountry "USA"]
[SourceTitle "EXT 2016"]
[Source "ChessBase"]
[SourceDate "2015.10.08"]
[SourceVersion "1"]
[SourceVersionDate "2015.10.08"]
[SourceQuality "1"]

1. e4 e6 2. d4 d5 3. Nc3 Bb4 4. e5 c5 5. Bd2 cxd4 6. Nb5 Bc5 7. b4 a6 8. bxc5 axb5 9. Bxb5+ Bd7 10. Bd3 Qc7 11. f4 Qxc5 12. Qg4 Qf8 13. Nf3 Nh6 14. Qg5 Nc6 15. 0-0 Nf5 16. Bxf5 exf5 17. Rfb1 Ra7 18. Rb5 Nxe5 19. Nxe5 Bxb5 20. Re1 f6 21. Qxf5 fxe5 22. Qxe5+ Kd7 23. Qxd5+ Kc7 24. Qxb5 Ra6 25. Bb4 Qc8 26. Qe5+ Kb6 27. Qxd4+ Kb5 28. Re5+ Ka4 29. Bd6+ 1-0

[Event "San Francisco TNM Spring op"]
[Site "San Francisco"]
[Date "2013.03.26"]
[Round "2"]
[White "Starr, Albert Martin"]
[Black "Shi, Jaysen"]
[Result "0-1"]
[WhiteElo "1570"]
[BlackElo "1736"]
[PlyCount "112"]
[EventDate "2013.03.19"]
[EventType "swiss"]
[EventRounds "8"]
[EventCountry "USA"]
[SourceTitle "EXT 2016"]
[Source "ChessBase"]
[SourceDate "2015.10.08"]
[SourceVersion "1"]
[SourceVersionDate "2015.10.08"]
[SourceQuality "1"]

1. b4 d5 2. e3 Nf6 3. Bb2 Bf5 4. Nf3 e6 5. b5 Be7 6. Be2 0-0 7. 0-0 a6 8. a4 axb5 9. axb5 Rxa1 10. Bxa1 Nbd7 11. d3 Qa8 12. Nbd2 Qa4 13. c4 Qxd1 14. Rxd1 Ra8 15. Nd4 Bg6 16. N2b3 Ra2 17. Rd2 Ra3 18. Bb2 Ra4 19. Bd1 Ra2 20. h3 Bb4 21. Nc1 Bxd2 22. Nxa2 Bxd3 23. cxd5 Nxd5 24. Be2 Bb1 25. Nc1 Bxc1 26. Bxc1 Nc3 27. Bf3 e5 28. Ne2 Nxe2+ 29. Bxe2 e4 30. Ba3 Bd3 31. Bxd3 exd3 32. Kf1 Ne5 33. Ke1 Nc4 34. Bb4 b6 35. Kd1 f6 36. e4 Kf7 37. g4 Ke6 38. f4 Nd6 39. Bxd6 Kxd6 40. Kd2 Kc5 41. Kxd3 Kxb5 42. g5 Kc6 43. h4 Kd6 44. Kc4 c6 45. Kd4 c5+ 46. Kc4 Kc6 47. gxf6 gxf6 48. h5 b5+ 49. Kd3 h6 50. Kc3 Kd6 51. Kd3 c4+ 52. Kd4 Ke6 53. Kc3 Kd6 54. Kd4 Kc6 55. Kc3 Kc5 56. Kd2 Kd4 0-1

[Event "San Francisco TNM Summer op"]
[Site "San Francisco"]
[Date "2011.07.12"]
[Round "8"]
[White "Shi, Jaysen"]
[Black "Olson, David L"]
[Result "1-0"]
[WhiteElo "1237"]
[BlackElo "1430"]
[PlyCount "83"]
[EventDate "2011.05.24"]
[EventType "swiss"]
[EventRounds "8"]
[EventCountry "USA"]
[SourceTitle "EXT 2016"]
[Source "ChessBase"]
[SourceDate "2015.10.08"]
[SourceVersion "1"]
[SourceVersionDate "2015.10.08"]
[SourceQuality "1"]

1. e4 e5 2. Nf3 Nc6 3. Bc4 Nf6 4. d4 exd4 5. 0-0 Bc5 6. e5 Ng4 7. Bf4 0-0 8. Bd3 d6 9. exd6 Bxd6 10. Bc1 f5 11. Bg5 Qd7 12. Re1 b6 13. Bc4+ Kh8 14. Be6 Qe8 15. Bxf5 Qh5 16. Bxc8 Raxc8 17. h3 Nge5 18. Nxd4 Qxg5 19. Ne6 Nf3+ 20. Qxf3 Qh4 21. Nxf8 Rxf8 22. Re4 Qh6 23. Qe3 Qf6 24. Re8 Nb4 25. Rxf8+ Qxf8 26. Na3 Nd5 27. Qf3 Nf6 28. Nc4 Bc5 29. Rd1 Qe7 30. Ne3 h6 31. Nd5 Qe5 32. Nxf6 gxf6 33. Qg4 Bd6 34. Qd4 Qh2+ 35. Kf1 Qh1+ 36. Ke2 Qxg2 37. Qxf6+ Kh7 38. Qf5+ Kh8 39. Qg4 Qc6 40. Qd4+ Kh7 41. Qd3+ Kg8 42. Rg1+ 1-0

[Event "San Francisco TNM Summer op"]
[Site "San Francisco"]
[Date "2011.06.21"]
[Round "5"]
[White "Krienke, Jason"]
[Black "Shi, Jaysen"]
[Result "1/2-1/2"]
[WhiteElo "1694"]
[BlackElo "1237"]
[PlyCount "51"]
[EventDate "2011.05.24"]
[EventType "swiss"]
[EventRounds "8"]
[EventCountry "USA"]
[SourceTitle "EXT 2016"]
[Source "ChessBase"]
[SourceDate "2015.10.08"]
[SourceVersion "1"]
[SourceVersionDate "2015.10.08"]
[SourceQuality "1"]

1. e4 e6 2. Bb5 Nc6 3. Nf3 d6 4. d4 Nf6 5. Nc3 Bd7 6. 0-0 Be7 7. Re1 0-0 8. h3 a6 9. Bxc6 Bxc6 10. d5 exd5 11. Nxd5 Nxd5 12. exd5 Bd7 13. Bf4 Bf6 14. Qd2 Re8 15. Rxe8+ Bxe8 16. c4 b5 17. Rc1 bxc4 18. Rxc4 Rb8 19. b3 Bb5 20. Re4 Qc8 21. Bg5 Qf5 22. Rf4 Bxg5 23. Rxf5 Bxd2 24. Nxd2 Re8 25. Rf3 Re1+ 26. Kh2 1/2-1/2

[Event "San Francisco TNM Summer op"]
[Site "San Francisco"]
[Date "2011.06.14"]
[Round "4"]
[White "Shi, Jaysen"]
[Black "Bertot, German"]
[Result "0-1"]
[WhiteElo "1237"]
[BlackElo "1654"]
[PlyCount "82"]
[EventDate "2011.05.24"]
[EventType "swiss"]
[EventRounds "8"]
[EventCountry "USA"]
[SourceTitle "EXT 2016"]
[Source "ChessBase"]
[SourceDate "2015.10.08"]
[SourceVersion "1"]
[SourceVersionDate "2015.10.08"]
[SourceQuality "1"]

1. e4 e5 2. Nf3 Nc6 3. Bc4 Bc5 4. 0-0 Nf6 5. d4 Bxd4 6. Nxd4 Nxd4 7. f4 d6 8. fxe5 dxe5 9. Bg5 Be6 10. Bxe6 Nxe6 11. Qxd8+ Rxd8 12. Bxf6 gxf6 13. Rxf6 Rd1+ 14. Rf1 Rxf1+ 15. Kxf1 Nd4 16. Na3 a6 17. Rd1 Rg8 18. Nc4 f6 19. c3 Nc6 20. Ne3 Ne7 21. Nd5 Nxd5 22. Rxd5 Rg4 23. Rc5 Kd7 24. Rc4 b5 25. Rb4 c5 26. Rb3 Rxe4 27. Ra3 Ra4 28. Rxa4 bxa4 29. g4 Ke6 30. Ke2 e4 31. a3 h6 32. Ke3 Ke5 33. c4 f5 34. gxf5 Kxf5 35. h3 h5 36. h4 a5 37. Kd2 Kf4 38. Kc3 e3 39. b4 axb3 40. Kxb3 e2 41. a4 e1Q 0-1